000 01202nam a2200277 i 4500
001 179639
003 ES-MaACL
005 20251014063253.0
008 111228s2010 sp ac |||| |dspa d
080 _a75 Ruiz, Eva (083.824)
080 _a821.134.2 Hernández, Miguel 1.07
100 1 _aRuiz García, Eva
_9148881
245 1 3 _aEl amor que no cesa
_b: pinturas : [Madrid, 1 al 25 de septiembre, 2011, Espacio Prado] /
_cEva Ruiz ; [exposición comisariada por Mercedes Replinger, con el apoyo de la Agrupación Ateneísta "Juan Negrín"].
260 _a[Orihuela, Alicante] :
_bFundación Cultural Miguel Hernández,
_c[2010]
300 _a[16] p. :
_bprincipalmente il. ;
_c21 x 21 cm.
600 1 7 _aRuiz García, Eva-
_vExposiciones
_2
_9148885
600 1 4 _aHernández, Miguel,
_d1910-1942-
_vHomenajes
_962848
610 2 4 _aAteneo de Madrid-
_vExposiciones-
_y2010-2019.
_9144911
655 7 _2tgfbne
_9193628
_aCatálogos de exposiciones
700 1 _aReplinger, Mercedes.
_9148886
710 2 _aAteneo de Madrid.
_bEspacio Prado.
_9148677
710 2 _aFundación Cultural Miguel Hernández.
_94265
852 _aES-MaACL
_j2291-F-1
942 _2udc
999 _c179639
_d179639